000 00455nam a2200169Ia 4500
008 240729s9999 xx 000 0 und d
022 _a2674-1032
245 0 _aFinTech
260 _aSwitzerland
260 _bMDPI AG
650 _a Engineering (General). Civil engineering (General)
650 _a Engineering economy
650 _aTechnology
856 _uhttps://doaj.org/toc/640075fd467b49b2a4637c40f0aff484
942 _2ddc
942 _cDOAJEJ
999 _c68342
_d68342
945 _a1
_bMadushi Gamage
_c1
_dMadushi Gamage